Sports Quiz

Random Sports or NFL Quiz

Top Twenty Running Backs In The NFL Quiz Stats

Quiz not verified by Sporcle

Challenge
Share
Tweet
Embed
Score 0/20 Timer 04:00
0 Plays Today
% Correct
Adrian Peterson
94.9%
Chris Johnson
93.6%
Felix Jones
89.7%
Thomas Jones
89.7%
Maurice Jones-Drew
85.9%
Arian Foster
84.6%
Michael Turner
83.3%
Jamal Charles
83.3%
Steven Jackson
83.3%
Peyton Hillis
82.1%
% Correct
Ray Rice
80.8%
Lesean Mccoy
80.8%
Frank Gore
79.5%
Matt Forte
73.1%
Rashard Mendenhall
71.8%
Darren Mcfadden
71.8%
Ahmad Bradshaw
65.4%
Johnathan Stewart
65.4%
Cedric Benson
62.8%
Benjarvus Green-Ellis
53.8%

You're not logged in!

Compare scores with friends on all Sporcle quizzes.
Join for Free
OR
Log In

You Might Also Like...

Show Comments

Extras

Top Quizzes Today


Score Distribution

Your Account Isn't Verified!

In order to create a playlist on Sporcle, you need to verify the email address you used during registration. Go to your Sporcle Settings to finish the process.

Report this User

Report this user for behavior that violates our Community Guidelines.

Details: